01079nas a2200253Ia 4500001001100000003000900011008004100020040001300061040001300074041001300087100004600100210001200146222001200158245012700170250001100297260002200308501008600330300002000416362003500436500026000471650004300731700002200774700002900796R142/E3746IT-RoPAU151124c99999999xx |||||||||||| ||und|| aIT-RoPAU cIT-RoPAU aFRANCESE aClement FabricegCodice Aut. SPICS: 48070 aRESEAUX aReseaux aRESEAUX, N.079 (SETTEMBRE/OTTOBRE 1996)bEsquisse D'Une Ontologie Des Faits Sociaux. La Posologie Proposee Par John Searle a1a ed. aPARISbCNETc1996 bPaulus - SPICS - Società San Paolo EM (non-commercial uses only)cCopyright2015 a39 p. [123-161] aN.079 (SETTEMBRE/OTTOBRE 1996) aTraccia di una Ontologia dei Fatti Sociali: Posologia Proposta da John Searle. Autonomia del Mentale. Mondo Originario di John Searle. Regole Costitutive del Fatto Istituzionale Primitivo. Linguaggio: Dall'Azione Istituzionale All'Espressione di Uno Stato aCOMUNICAZIONEvPUBBLICAZIONE PERIODICA aKaufmann Laurence gCodice Aut. SPICS: 48071